Eulaema chocoana, nueva especie de abeja Euglosina de la Costa Pacífica colombiana (Registro nro. 14770)

Detalles MARC
000 -CABECERA
Campo de control 003830000a22001210004500
090 ## - CLASIFICACIÓN LOCAL
Colección AS
Consecutivo Seriadas
041 0# - IDIOMA
Código de idioma para texto/pista de sonido o título separado
100 1# - ASIENTO PRINCIPAL--NOMBRE PERSONAL
Nombre personal Ospina Torres, Rodulfo
245 10 - MENCION DE TITULO
Título Eulaema chocoana, nueva especie de abeja Euglosina de la Costa Pacífica colombiana
700 1# - ASIENTO SECUNDARIO - NOMBRE PERSONAL
Nombre personal Sandino Franco, Juan Carlos
773 1# - Item fuente:
Título Caldasia
Especificación de materiales 45
Descripción física 1-2
Paginas del Articulo 165-174
Lugar, editorial y fecha de publicación 1997
Información sobre la relación 19
942 ## - ELEMENTOS ADICIONALES (KOHA)
Tipo de ítem Artículo

No hay ítems disponibles.